Castellano 2

Збережено в:
Бібліографічні деталі
Автори: Barros G., María del Carmen (Автор), Pérez R., Patricia (Автор)
Формат: Книга
Мова:Іспанська
Опубліковано: Santiago Arrayán 1980
Предмети:
Теги: Додати тег
Немає тегів, Будьте першим, хто поставить тег для цього запису!

MARC

LEADER 00000nam a2200000 a 4500
001 UCZ8729
003 CL-VaPUC
008 960125e19800000CL |||||||||||||||||spa|d
082 0 4 |a 372.6  |b BAR  |2 21 
100 0 |a Barros G., María del Carmen  |e author  |9 354088 
700 0 |a Pérez R., Patricia  |e author  |9 354089 
245 1 0 |a Castellano 2 
300 |a 24 p 
942 |c BK 
945 |d 19960125 00:00:00  |a cmena 
260 |a Santiago  |b Arrayán  |c 1980 
500 |a Guía del profesor 
650 0 |a Escritura  |9 264941 
650 0 |a Lectura  |9 307634 
650 0 |a Español  |9 255372 
650 0 |a Educación lingüística  |9 306506 
650 7 |a GUIAS PEDAGOGICAS  |2 CL-VaPUC  |9 354090 
650 7 |a TESTS DE PROGRESO ESCOLAR  |2 CL-VaPUC  |9 339860 
650 0 |a Rol del docente  |9 329733 
650 0 |a Educación básica   |9 224933 
583 |a last modification  |c 19960125 00:00:00  |k Rodrigo Vera 
999 |c 244550  |d 244548 
952 |0 0  |1 0  |4 0  |6 372_600000000000000_BAR_1980  |7 0  |8 P  |9 258646  |a BIBEDU  |b BIBEDU  |c BIBEDU_PB  |d 2019-11-19  |i 1623362  |o 372.6 BAR 1980  |p 1623362  |r 2024-01-25  |w 2019-11-19  |y BK  |k EDU